Villes Coupe du Monde Football 1934 (Mort subite) - Statistiques

Statistiques générales
  • Ce quiz a été pris 48 fois
  • Le résultat moyen est 5 sur 8
Answers on the Grid
Answers color-coded by a green-red scale on the quiz's grid according to % correct below.
Bologne
Florence
Gênes
Milan
Naples
Rome
Trieste
Turin
Cagliari
Pise
Vérone
Venise
Bari
Palerme
Lecce
Sienne
Parme
Catane
Bergame
Pérouse
 
Statistiques - réponses
Réponse % Correct
Stadio Giorgio Ascarelli Naples
83%
Stadio Nazionale PNF Rome
83%
San Siro Milan
80%
Stadio Benito Mussolini Turin
77%
Stadio Giovanni Berta Florence
73%
Stadio Littoriale Bologne
50%
Stadio Vittorio Marassi Gênes
37%
Stadio Littorio Trieste
7%
Aucun quiz correspondant
Distribution des résultats
% des personnes avec chaque résultat
Percentile par nombre de réponses
Votre historique - résultats
Vous n’avez pas pris ce quiz